00540nam a2200109Ia 4500008004100000050002400041100003800065245020000103260008600303300002900389521001200418140724s9999 xx 000 0 und d aRT 84.5b.D582 2007 aDimaandal, Erika Larraine Santos. aCognitive preparedness of pioneer nursing students of Southville International School and Colleges in taking the Philippine Nurses Licensure Examination (PNLE) /cErika Larraine Santos Dimaandal. aLas Piñas, Philippines :bSouthville International School and Colleges,cc2007. a102 p. :bill. ;c28 cm. aNursing